000 00622nam a2200229Ia 4500
003 OSt
005 20220923214742.0
006 a|||||r|||| 00| 0
007 ta
008 220922b |||||||| |||| 00| 0 hin d
024 _a172,341
037 _cTextual
040 _aARTS
_cARTS
_bhin
041 _2hin
_ahin
082 _aO152:3N362x, L2
100 _aबक्षी, रमेश
245 0 _aएक अमूर्त तकलीफ
246 _aEk amūrta takalīfa
260 _c1972
942 _hO152:3N362x, L2
_cTEXL
_2CC
999 _c326405
_d326405